Dispositifs optiques (notice n° 1605543)
[ vue normale ]
| 000 -LEADER | |
|---|---|
| fixed length control field | 01130cam a2200181 4500500 |
| 005 - DATE AND TIME OF LATEST TRANSACTION | |
| control field | 20251228095109.0 |
| 041 ## - LANGUAGE CODE | |
| Language code of text/sound track or separate title | fre |
| 042 ## - AUTHENTICATION CODE | |
| Authentication code | dc |
| 100 10 - MAIN ENTRY--PERSONAL NAME | |
| Personal name | Dufour, Sylvette |
| Relator term | author |
| 245 00 - TITLE STATEMENT | |
| Title | Dispositifs optiques |
| 260 ## - PUBLICATION, DISTRIBUTION, ETC. | |
| Date of publication, distribution, etc. | 2020.<br/> |
| 500 ## - GENERAL NOTE | |
| General note | 8 |
| 520 ## - SUMMARY, ETC. | |
| Summary, etc. | Chaque artiste a ses secrets de fabrications. Comment les identifier, en quoi consistent-ils ? Les technologies modernes qui permettent de les dévoiler n’ajoutent-elles pas encore plus de mystère au processus créateur ? |
| 520 ## - SUMMARY, ETC. | |
| Summary, etc. | Every artist has their trade secrets. What do they consist of, and how can they be identified? Though they can be revealed by modern technology, does this not add even more mystery to the creative process? |
| 520 ## - SUMMARY, ETC. | |
| Summary, etc. | Todo o artista tem os seus segredos de fabrico. Mas como identificá-los? Como saber em que consistem? Será que as tecnologias modernas que permitem desvendá-los não acrescentam mais mistérios ainda ao processo de criação? |
| 786 0# - DATA SOURCE ENTRY | |
| Note | Sigila | 44 | 2 | 2020-01-10 | p. 197-199 | 1286-1715 |
| 856 41 - ELECTRONIC LOCATION AND ACCESS | |
| Uniform Resource Identifier | <a href="https://shs.cairn.info/revue-sigila-2019-2-page-197?lang=fr&redirect-ssocas=7080">https://shs.cairn.info/revue-sigila-2019-2-page-197?lang=fr&redirect-ssocas=7080</a> |
Pas d'exemplaire disponible.




Réseaux sociaux